000 00763nab a2200229u 4500
001 21267
003 HDC
007 c| |||a|c|aaaa
008 210305b20091230my ||||o |||| 00| 0 eng d
040 _aHDC
100 _aJAKE CHNG /
_eauthor
_918852
245 0 _aCarrefour to open Singapore supermarkets with Halal sections /
_cJAKE CHNG
336 _atext
_2rdacontent
337 _acomputer
_2rdamedia
338 _aonline resource
_2rdacarrier
650 _ahalal fresh produce
_918853
650 _ahalal products
_9642
856 _zRequest full-text at [email protected]
942 _2lcc
942 _cNEWS
942 _kNWS0 004914
999 _c18583
_d18583